Solo Leveling Characters - Statistics

General Stats
  • This quiz has been taken 78 times
  • The average score is 13 of 55
Answer Stats
Hint Answer % Correct
Main CharacterS-Rank Hunter Shadow Monarch Guild Master of Ahjin Guild Sung Jinwoo
98%
Vice Master of the Hunters GuildS-Rank Hunter Cha Hae-In
67%
Sister of the former Sung Jinah
67%
Shadow of the Blood Red CommanderFirst named Shadow Marshal Grade Igris
53%
Shadow of the Ant KingMarshal Grade Beru
51%
Former Chairman of the Korean Hunters AssociationFormer S-Rank Hunter Go Gunhee
51%
Vice Master of Ahjin GuildD-Rank Hunter Yoo Jinho
51%
Guild Master of the White Tiger GuildS-Rank Hunter Baek Yoonho
47%
Guild Master of the Hunters GuildS-Rank Hunter Choi Jong-In
44%
Shadow of Kim ChulElite Knight Rank Iron
42%
Strongest Hunter in AmericaNational Level Hunter (Ranked 1st) Guild Master of the Scavenger Guild Thomas Andre
42%
Father of the main character & the formerUnofficial S-Rank Hunter Spouse of the latter Sung Il-Hwan
39%
Former National Level Hunter (Ranked 3rd)2nd Strongest Hunter in America Christopher Reed
37%
Shadow of Hwang DongsooGeneral Grade Greed
35%
Shadow of the Alpha Ice BearKnight Grade Tank
35%
Former C-Rank HunterOlder brother of Hwang Dongsoo Hwang Dongsuk
33%
Shadow of the wyvern KaisellinKnight Grade Kaisel
33%
Shadow of KargalganMarshal Grade Tusk
33%
Japan's greatest hunterFormer Guild Master of the Draw Sword Guild S-Rank Hunter Goto Ryuji
30%
Chairman of the Korean Hunters AssociationFormer Chief Inspector of the Hunters Association's Surveillance Team A-Rank Hunter Woo Jinchul
30%
King of DragonsMonarch of Destruction Antares
28%
Servant of the former Shadow MonarchStrongest shadow in existence Grand-Marshal Grade Bellion
28%
King of the DeadFormer Shadow Monarch Ashborn
26%
Former S-Rank HunterHealer Min Byung-Gyu
25%
King of DemonsMonarch of White Flames Baran
23%
Strongest Hunter in ChinaNational Level Hunter (Ranked 2nd) "China's 7 Star Hunter" Liu Zhigang
21%
Mother of the main characterSpouse of the former Park Kyung-Hye
21%
Former B-Rank HunterFormer member of the Korean Hunters Association's Surveillance Team Former Hitman Kang Taeshik
19%
Lleader of the Hunters Guild's Strike Team BA-Rank Hunter Son Kihoon
19%
Shadow of the Boss NagaGeneral Grade Jima
18%
Survivor of the first double dungeonC-Rank Hunter Song Chi-Yul
18%
Survivor of the first double dungeonB-Rank Hunter Healer Lee Joohee
16%
Guild Master of the Fame GuildS-Rank Hunter Ma Dongwook
16%
Survivor of the first double dungeonD-Rank Hunter Kim Sangshik
14%
Member of the Hunters GuildA-Rank Hunter Gina
12%
Close friend of the main character's sisterE-Rank Hunter Han Song-Yi
11%
Former member of the Draw Sword Guild S-Rank Hunter Healer Shimizu Akari
11%
Strongest Hunter in Germany(Ranked 12th) Guild Master of the Richter Guild Lennart Niermann
9%
Guild Master of the Fiend GuildS-Rank Hunter Lim Tae-Gyu
9%
Queen of InsectsMonarch of Plagues Querehsha
9%
King of BeastsMonarch of Fangs Rakan
9%
Member of the Draw Sword Guild S-Rank Hunter Tawata Kanae
9%
Member of the Hunters Guild A-Rank Hunter Healer Han Semi
7%
Member of the Hunters Guild A-Rank Hunter Lee Bora
7%
"The Seer"Member of America's Federal Bureau of Hunters Norma Selner
7%
King of Snow FolkMonarch of Frost Sillad
7%
King of Demonic SpectresMonarch of Transfiguration Yogumunt
7%
Strongest Hunter in BrazilFormerly (Ranked 6th) Jonas
5%
King of GiantsMonarch of the Beginning Hidden Boss of Tokyo S-Rank Gate Legia
5%
King of Monstrous HumanoidsMonarch of Iron Body Tarnak
5%
Member of the Draw Sword GuildS-Rank Hunter Kumamoto Atsushi
4%
Former member of the Draw Sword Guild S-Rank Hunter Tanaka Kenzo
4%
Guild Master of the Draw Sword GuildS-Rank Hunter Sugimoto Reiji
2%
Member of the Draw Sword Guild S-Rank Hunter Hoshino Minoru
0%
Former member of the Draw Sword Guild S-Rank Hunter Izawa Ippei
0%
No matching quizzes found
Score Distribution
Percent of People with Each Score
Percentile by Number Answered
Your Score History
You have not taken this quiz